[Event "It (open) (amateurs)"]
[Site "masterchessopen.com - Calvia (Spain)"]
[Date "2011.10.16"]
[Round "9"]
[White "Perez Lopez Jesus M (ESP)"]
[Black "Asensio Enrique (ESP)"]
[Result "1/2-1/2"]
[WhiteElo "2280"]
[BlackElo "2178"]

1.c4 Nf6 2.Nc3 d5 3.cxd5 Nxd5 4.Nf3 g6 5.Qa4+ Nc6 6.Ne5 Nb4 7.a3 Bg7 8.axb4
Bxe5 9.b5 Nb8 10.g3 c6 11.Bg2 a6 12.bxc6 {#d} 1/2-1/2

[Event "Czech League 2011/12 (2nd) (d)"]
[Site "masterchessopen.com - Czech Republic"]
[Date "2011.11.20"]
[Round "3"]
[White "Houska Bronislav (CZE)"]
[Black "Volf Jaroslav (CZE)"]
[Result "1/2-1/2"]
[WhiteElo "2026"]
[BlackElo "2149"]

1.c4 Nf6 2.Nc3 g6 3.g3 Bg7 4.Bg2 O-O 5.d3 c6 6.e3 d5 7.cxd5 Nxd5 8.Nxd5 cxd5
9.Qb3 e6 10.Ne2 Nd7 11.O-O b6 12.Qa3 Nc5 13.Rb1 Bb7 14.b4 Nd7 15.Bb2 Ne5 {#d}
1/2-1/2

[Event "It (open) (b)"]
[Site "masterchessopen.com - Zadar (Croatia)"]
[Date "2011.12.12"]
[Round "3"]
[White "Medancic Rikard (CRO)"]
[Black "Kukina Mario (CRO)"]
[Result "1-0"]
[WhiteElo "2258"]
[BlackElo "2061"]

1.c4 Nf6 2.Nc3 g6 3.g3 Bg7 4.Bg2 O-O 5.e3 d6 6.Nge2 e5 7.O-O Nc6 8.b3 Bd7
9.Bb2 Qc8 10.Re1 Re8 11.a3 h6 12.Rc1 Nh7 13.Nd5 Bg4 14.f3 Be6 15.Nec3 Ne7
16.Nb5 {#r} 1-0

[Event "Tournament (qual)"]
[Site "masterchessopen.com - Cartagena (Colombia)"]
[Date "2012.01.14"]
[Round "5"]
[White "Turizo Edgar Sr"]
[Black "Raad Bernardo"]
[Result "1-0"]
[WhiteElo "1738"]
[BlackElo "1600"]

1.c4 Nf6 2.Nc3 g6 3.e4 d6 4.g3 Bg7 5.Bg2 O-O 6.Nge2 e5 7.O-O Be6 8.d3 c5 9.Rb1
Nc6 10.h3 a6 11.a3 Qd7 12.Kh2 Rfb8 13.f4 b5 14.f5 gxf5 15.exf5 Bxf5 16.Bxc6
{#r} 1-0

[Event "Ch Germany"]
[Site "masterchessopen.com - Osterburg (Germany)"]
[Date "2012.03.07"]
[Round "6"]
[White "Rolle Eric (GER)"]
[Black "Schuetze Norman (GER)"]
[Result "1-0"]
[WhiteElo "2221"]
[BlackElo "2246"]

1.c4 Nf6 2.Nc3 d5 3.cxd5 Nxd5 4.Nf3 g6 5.Qa4+ Bd7 6.Qh4 Nf6 7.d4 c5 8.e4 cxd4
9.Nxd4 Bg7 10.e5 Ng4 11.f4 Qb6 12.Ndb5 Na6 13.Nd5 Qc5 14.Nd6+ {#r} 1-0

[Event "It \"]
[Site "masterchessopen.com - Sabadell (Spain)"]
[Date "2012.04.04"]
[Round "9"]
[White "Cruz Filemon (PER)"]
[Black "Subirats Ruiz Sergi (ESP)"]
[Result "1/2-1/2"]
[WhiteElo "2428"]
[BlackElo "2160"]

1.c4 Nf6 2.Nc3 d5 3.cxd5 Nxd5 4.g3 Nxc3 5.bxc3 g6 6.Bg2 Bg7 7.Rb1 Nc6 8.Nf3
O-O 9.O-O b6 10.Qc2 Na5 11.d3 c5 12.c4 Bb7 13.Bb2 f6 14.Bc3 Nc6 15.Rfd1 Qc7
16.Nd2 Rad8 {#d} 1/2-1/2

[Event "Ch Hessen (masters)"]
[Site "masterchessopen.com - Offenbach (Germany)"]
[Date "2012.04.05"]
[Round "3"]
[White "Solonar Stefan (GER)"]
[Black "Tazbir Marcin (POL)"]
[Result "1/2-1/2"]
[WhiteElo "2331"]
[BlackElo "2513"]

1.c4 Nf6 2.Nc3 d5 3.cxd5 Nxd5 4.g3 g6 5.Bg2 Nb6 6.d3 Bg7 7.Be3 O-O 8.Qc1 N8d7
9.Bh6 Nf6 10.h4 Bxh6 11.Qxh6 Ng4 12.Qd2 h5 13.Nh3 Kg7 14.b4 {#d} 1/2-1/2

[Event "It (open)"]
[Site "masterchessopen.com - Barquisimeto (Venezuela)"]
[Date "2012.05.26"]
[Round "6"]
[White "Soto Christian Camilo"]
[Black "Ruiz Alciguel (COL)"]
[Result "0-1"]
[WhiteElo "2125"]
[BlackElo "2197"]

1.c4 Nf6 2.Nc3 d5 3.cxd5 Nxd5 4.e4 Nxc3 5.dxc3 Qxd1+ 6.Kxd1 Nd7 7.Bc4 Nc5 8.f3
a5 9.Bf4 c6 10.a4 f6 11.Ne2 e5 12.Be3 {#R} 0-1

[Event "It \"]
[Site "masterchessopen.com - Alushta (Ukraine)"]
[Date "2012.06.10"]
[Round "11"]
[White "Iljin Timofey (UKR)"]
[Black "Yandemirov Valeri (RUS)"]
[Result "1/2-1/2"]
[WhiteElo "2482"]
[BlackElo "2392"]

1.c4 Nf6 2.Nc3 d5 3.cxd5 Nxd5 4.e4 Nxc3 5.dxc3 Qxd1+ 6.Kxd1 Nd7 7.Be3 e5 8.Bc4
Bc5 9.Ke2 Bxe3 10.Kxe3 Ke7 11.Ne2 Nc5 12.Rad1 c6 13.Ng3 g6 14.h4 Be6 15.Ne2
{#d} 1/2-1/2

[Event "Tournament (open)"]
[Site "masterchessopen.com - Benidorm (Spain)"]
[Date "2012.06.17"]
[Round "1"]
[White "Casla Murillo Jorge"]
[Black "Bernabe Monteagudo Francesc"]
[Result "0-1"]
[WhiteElo "1627"]
[BlackElo "1798"]

1.c4 Nf6 2.Nc3 g6 3.g3 Bg7 4.Bg2 c6 5.e4 d6 6.Nge2 Bg4 7.O-O Na6 8.a3 O-O 9.d4
Qc8 10.Nf4 Bxd1 {#R} 0-1

[Event "Tournament (open)"]
[Site "masterchessopen.com - Benidorm (Spain)"]
[Date "2012.06.21"]
[Round "5"]
[White "Casla Murillo Jorge"]
[Black "Amores Cano Victor"]
[Result "1/2-1/2"]
[WhiteElo "1627"]
[BlackElo "1746"]

1.c4 Nf6 2.Nc3 c6 3.g3 d5 4.e4 dxe4 5.Bg2 Bf5 6.Nge2 e5 7.O-O h6 8.Qc2 Qd3
9.Qd1 Bc5 10.a3 h5 {#d} 1/2-1/2

[Event "Tournament \"]
[Site "masterchessopen.com - Arak (Iran)"]
[Date "2012.07.15"]
[Round "5"]
[White "Tajik Saheh (IRI)"]
[Black "Azizi Khatere"]
[Result "1/2-1/2"]
[WhiteElo "1942"]
[BlackElo "1807"]

1.c4 Nf6 2.Nc3 d6 3.g3 c6 4.Bg2 Na6 5.a3 g6 6.d4 Bg7 7.Nf3 O-O 8.O-O Nc7 9.e4
Nfe8 10.Qe2 f5 11.e5 dxe5 12.dxe5 Ne6 13.Ng5 Nd4 14.Qd3 Bxe5 15.Rd1 {#d}
1/2-1/2

[Event "It (open) \"]
[Site "masterchessopen.com - Medellin (Colombia)"]
[Date "2012.08.05"]
[Round "5"]
[White "Martinez Romero Martin"]
[Black "Ruiz Alciguel (COL)"]
[Result "1-0"]
[WhiteElo "2338"]
[BlackElo "2221"]

1.c4 Nf6 2.Nc3 d5 3.cxd5 Nxd5 4.Nf3 g6 5.g3 Bg7 6.Bg2 O-O 7.O-O Nc6 8.Qc2 e5
9.d3 Nde7 10.h3 b6 11.Bg5 Bb7 12.Ne4 f6 13.Bd2 Kh8 14.Rac1 Nf5 15.Nc3 {#r} 1-0

[Event "Ch Montenegro (team) (1 liga)"]
[Site "masterchessopen.com - Cetinje (Montenegro)"]
[Date "2012.08.06"]
[Round "4"]
[White "Lekic Dusan (MNE)"]
[Black "Lekic Lazar (MNE)"]
[Result "1/2-1/2"]
[WhiteElo "2385"]
[BlackElo "1968"]

1.c4 Nf6 2.Nc3 g6 3.g3 Bg7 4.Bg2 O-O 5.e3 d6 6.Nge2 e5 7.O-O Nbd7 8.d3 c6
9.Rb1 a5 10.a3 Qe7 11.b4 axb4 {#d} 1/2-1/2

[Event "It (open)"]
[Site "masterchessopen.com - Bogota (Colombia)"]
[Round "7"]
[White "Salcedo Jackelin (COL)"]
[Black "Ordonez Gonzalez Gabriel"]
[Result "1-0"]
[WhiteElo "1963"]
[BlackElo "1644"]

1.c4 Nf6 2.Nc3 d5 3.d4 Bf5 4.Qb3 Qc8 5.cxd5 a6 6.Bg5 Nbd7 7.Nf3 h6 8.Bh4 g5
9.Bg3 Bg7 10.Rc1 Nb6 11.e4 Nxe4 12.Nxe4 Bxe4 13.Rxc7 Qxc7 14.Bxc7 Nxd5 {#r}
1-0